000 00247nam a2200121Ia 4500
008 240624s9999 xx 000 0 und d
041 _aeng
082 _a823 FOR
100 _aFORSYTH FREDERICK
245 _aICON
260 _c1996
365 _cRS
999 _c28730
_d28730